Statistics for Evropa mesta Ze- Map Quiz

Click here to take the quiz!

General Stats

  • This quiz has been taken 44 times
    (37 since last reset)
  • The average score is 32 of 79

Answers on the Map

Answers color-coded by a green-red scale on the quiz's map according to % correct below.
 

Answer Stats

Answer% Correct
Varšava
82%
Vídeň
82%
Praha
59%
Záhřeb
59%
Andora la Vella
53%
Athény
53%
barcelona
53%
Budapešť
53%
Bukurešť
53%
Kyjev
53%
Londýn
53%
Lucemburk
53%
Moskva
53%
Oslo
53%
Paříž
53%
Řím
53%
Sofie
53%
Amsterdam
47%
Berlín
47%
Bratislava
47%
Dublin
47%
Gdaňsk
47%
Helsinky
47%
Madrid
47%
Monako-Ville
47%
Stockholm
47%
Tallinn
47%
Vilnius
47%
Belfast
41%
Brusel
41%
Charkov
41%
Kodaň
41%
Krakov
41%
Linz
41%
Lisabon
41%
Lublaň
41%
Marseille
41%
Milán
41%
Minsk
41%
Podgorica
41%
Reykjavík
41%
Riga
41%
Soluň
41%
Wroclaw
41%
Bělehrad
35%
Bern
35%
Hamburk
35%
Mnichov
35%
Palermo
35%
Petrohrad
35%
Priština
35%
San Marino
35%
Sarajevo
35%
Skopje
35%
Tirana
35%
Valletta
35%
Vatikán
35%
Birmingham
29%
Edinburgh
29%
Frankfurt nad Mohanem
29%
Göteborg
29%
Kišiněv
29%
Narvik
29%
Porto
29%
Strasbourg
29%
Vaduz
29%
Ženeva
29%
Glasgow
24%
Jižní Novgorod
24%
Malaga
24%
Rotterdam
24%
Severní Nikósie
24%
Sevilla
24%
Turín
24%
Zurych
24%
Brémy
18%
Haag
18%
Kolín nad Rýnem
18%
Valencie
18%

Score Distribution

Percentile by Number Answered

Percent of People with Each Score

Your Score History

You have not taken this quiz since the last reset